000 00310nam a22001337a 4500
082 _a158
_bKAL/R
100 _aKALLINGAL, ANTHONY
245 _aREFLECTIONS ON THE ULTIMATE QUESTIONS
250 _aFIRST EDITION
260 _aALUVA
_bPEN BOOKS
_c2003
300 _a248
650 _aRELIGIOUS
_zINDIA
942 _cBK
999 _c5267
_d5267